000 00278nam a22001337a 4500
008 210430b ||||| |||| 00| 0 eng d
041 _aeng
080 _a37
082 _a37
100 _a46
101 _aEDU
245 _aPiaget and Knowledge
_cFurth,H.G
942 _2udc
_cBK
999 _c57047
_d57047